<?xml version="1.0" encoding="UTF-8"?><?xml-stylesheet type="text/xsl" href="static/style.xsl"?><OAI-PMH xmlns="http://www.openarchives.org/OAI/2.0/" xmlns:xsi="http://www.w3.org/2001/XMLSchema-instance" xsi:schemaLocation="http://www.openarchives.org/OAI/2.0/ http://www.openarchives.org/OAI/2.0/OAI-PMH.xsd"><responseDate>2026-04-19T11:38:25Z</responseDate><request verb="GetRecord" identifier="oai:www.recercat.cat:10230/43970" metadataPrefix="marc">https://recercat.cat/oai/request</request><GetRecord><record><header><identifier>oai:recercat.cat:10230/43970</identifier><datestamp>2025-12-22T20:20:22Z</datestamp><setSpec>com_2072_6</setSpec><setSpec>col_2072_452954</setSpec></header><metadata><record xmlns="http://www.loc.gov/MARC21/slim" xmlns:dcterms="http://purl.org/dc/terms/" xmlns:xsi="http://www.w3.org/2001/XMLSchema-instance" xmlns:doc="http://www.lyncode.com/xoai" xsi:schemaLocation="http://www.loc.gov/MARC21/slim http://www.loc.gov/standards/marcxml/schema/MARC21slim.xsd">
   <leader>00925njm 22002777a 4500</leader>
   <datafield ind2=" " ind1=" " tag="042">
      <subfield code="a">dc</subfield>
   </datafield>
   <datafield ind2=" " ind1=" " tag="720">
      <subfield code="a">Clotet Castells, Ferran</subfield>
      <subfield code="e">author</subfield>
   </datafield>
   <datafield ind2=" " ind1=" " tag="260">
      <subfield code="c">2020-03-20T08:24:46Z</subfield>
   </datafield>
   <datafield ind2=" " ind1=" " tag="260">
      <subfield code="c">2020-03-20T08:24:46Z</subfield>
   </datafield>
   <datafield ind2=" " ind1=" " tag="260">
      <subfield code="c">2019</subfield>
   </datafield>
   <datafield ind2=" " ind1=" " tag="520">
      <subfield code="a">Memòria del treball de Fi de Grau en Negocis i Màrqueting Internacionals (ESCI). Curs 2018-2019</subfield>
   </datafield>
   <datafield ind2=" " ind1=" " tag="520">
      <subfield code="a">Tutor: Bernat Raventós</subfield>
   </datafield>
   <datafield ind2=" " ind1=" " tag="520">
      <subfield code="a">La majoria de PIMEs presenten pèrdues malgrat vendes creixents, i constitueixen mercats altament controvertits, vagament regulats, i amb clients promiscus. Les pèrdues junt amb el seu historial limitat de crèdit, limiten el seu accés a deute ordinari, el qual les obliga a explorar formes alternatives de finançament. Aquest projecte busca construir un marc financer que asseguri les perspectives de creixement futur d&amp;apos;una sucursal espanyola d&amp;apos;una empresa internacional de micro mobilitat que ja està canviant la manera com les persones es mouen i viuen a les ciutats a través de tecnologia patentada.</subfield>
   </datafield>
   <datafield ind2=" " ind1=" " tag="520">
      <subfield code="a">La mayoría de PYMEs presentan pérdidas a pesar de ventas crecientes, y constituyen mercados altamente controvertidos, vagamente regulados, y con clientes promiscuos. Las pérdidas junto a su limitado historial de crédito, limitan su acceso a deuda ordinaria, por lo que tienen que explorar formas alternativas de financiamiento. Este proyecto busca construir un marco financiero que asegure las perspectivas de crecimiento futuro para una sucursal española de una empresa internacional de micro movilidad que ya está cambiando la forma en que las personas se mueven y viven en las ciudades a través de tecnología patentada.</subfield>
   </datafield>
   <datafield ind2=" " ind1=" " tag="520">
      <subfield code="a">Most early-stage ventures lack profitability despite fast-rising sales, and constitute markets that are highly contested , vaguely regulated, and have promiscuous  customers. Negative earnings added to their limited credit history , typically limit their access to ordinary debt, hence having to cast a wider net to meet their funding requirements. This paper seeks to build a financial framework that secures the future growth prospects for a one-year-old Spanish branch is part of an international micro-mobility start-up that is already changing the way people move and live in cities through patented technology.</subfield>
   </datafield>
   <datafield tag="653" ind2=" " ind1=" ">
      <subfield code="a">Treball de fi de grau – Curs 2018-2019</subfield>
   </datafield>
   <datafield tag="653" ind2=" " ind1=" ">
      <subfield code="a">Empreses petites i mitjanes – Administració</subfield>
   </datafield>
   <datafield tag="653" ind2=" " ind1=" ">
      <subfield code="a">Micro mobilitat – Finançament</subfield>
   </datafield>
   <datafield tag="653" ind2=" " ind1=" ">
      <subfield code="a">Societats d&amp;apos;inversions</subfield>
   </datafield>
   <datafield tag="653" ind2=" " ind1=" ">
      <subfield code="a">Inversions de capital</subfield>
   </datafield>
   <datafield tag="653" ind2=" " ind1=" ">
      <subfield code="a">Inversions</subfield>
   </datafield>
   <datafield tag="653" ind2=" " ind1=" ">
      <subfield code="a">Estructura industrial</subfield>
   </datafield>
   <datafield ind2="0" ind1="0" tag="245">
      <subfield code="a">International start-up&amp;apos;s quest to secure financial independency from its parent company in the local market</subfield>
   </datafield>
</record></metadata></record></GetRecord></OAI-PMH>